Leçons sur la théorie des fonctions

שמור ב:
מידע ביבליוגרפי
מחבר ראשי: Borel, Emile (Author)
פורמט: ספר
שפה:צרפתית
יצא לאור: París Gauthier-Villars 1950
מהדורה:4a. ed
סדרה:Collection de Monographies sur la Théorie des Funcions
נושאים:
תגים: הוספת תג
אין תגיות, היה/י הראשונ/ה לתייג את הרשומה!

MARC

LEADER 00000nam a2200000 a 4500
001 UCP0270
003 CL-VaPUC
008 990305e19500000FR |||||||||||||||||fre|d
082 0 4 |a 515.7  |b BOR  |2 21 
100 0 |a Borel, Emile  |e author  |9 425398 
245 1 0 |a Leçons sur la théorie des fonctions 
250 |a 4a. ed 
300 |a 295 p 
942 |c BK 
945 |d 19990305 00:00:00  |a crobeson 
260 |a París  |b Gauthier-Villars  |c 1950 
650 0 |a Teoría de funciones   |9 374177 
650 0 |a Teoría de conjuntos   |9 265668 
650 0 |a Cálculo  |9 260234 
650 7 |a SERIES REALES  |2 CL-VaPUC  |9 425399 
583 |a last modification  |c 19990305 00:00:00  |k Rodrigo Vera 
490 0 |a Collection de Monographies sur la Théorie des Funcions 
999 |c 279108  |d 279106 
952 |0 0  |1 0  |4 0  |6 515_700000000000000_BOR_1950  |7 0  |8 A  |9 318026  |a BIBMAT  |b BIBMAT  |d 2019-11-20  |i 1323377  |o 515.7 BOR 1950  |p 1323377  |r 2025-01-07  |w 2019-11-20  |y BK  |k MAT